Jednou z priorit je knowledge management
Generálny manažér pre HR a komunikáciu spoločnosti ArcelorMittal, Ctirad Lolek, odpovedá na otázky týkajúce sa personálnych procesov v najbližšom období.
Enregistré dans:
| Auteur principal: | |
|---|---|
| Format: | Chapitre de livre |
| Langue: | tchèque |
| Sujets: | |
| Tags: |
Pas de tags, Soyez le premier à ajouter un tag!
|
MARC
| LEADER | 00000naa a2200000 4500 | ||
|---|---|---|---|
| 001 | 0135643 | ||
| 005 | 20230912101203.5 | ||
| 041 | 0 | |a cze | |
| 044 | |a SK | ||
| 245 | 1 | 0 | |a Jednou z priorit je knowledge management |c Ilona Urbanová |
| 520 | |a Generálny manažér pre HR a komunikáciu spoločnosti ArcelorMittal, Ctirad Lolek, odpovedá na otázky týkajúce sa personálnych procesov v najbližšom období. | ||
| 610 | 2 | 0 | |a manažéri |
| 610 | 2 | 0 | |a manažment personálny |
| 610 | 2 | 0 | |a manažment znalostný |
| 610 | 2 | 0 | |a komunikácia manažérska |
| 610 | 2 | 0 | |a riadenie personálne |
| 610 | 2 | 0 | |a riadenie ľudských zdrojov |
| 610 | 2 | 0 | |a zamestnanci |
| 610 | 2 | 0 | |a motivácia pracovná |
| 100 | 1 | |a Urbanová, Ilona | |